| 000 | 00425nam a2200181Ia 4500 | ||
|---|---|---|---|
| 001 | 10515 | ||
| 005 | 20260306161838.0 | ||
| 008 | 260306t2000||||xx |||||||||||||| ||spa|| | ||
| 041 | _aESP | ||
| 082 |
_a940.1 _bG89 |
||
| 100 |
_aGuglielmi, Nilda _eAUT |
||
| 245 | 0 | _aVida cotidiana en la edad media | |
| 260 | _c2000 | ||
| 300 |
_a364 páginas : _c18 cm. |
||
| 650 | _aGEN | ||
| 654 | _aCHU | ||
| 942 |
_cLIB _dJUS _fJUS _2ddc _n |
||
| 999 |
_c10515 _d10515 |
||